Bailes de tierra en Chile

Saved in:
書目詳細資料
主要作者: Loyola Palacios, Margot (autora)
格式: 圖書
語言:西班牙语
出版: Valparaíso Ediciones Universitarias 2017
版:1a. ed
主題:
標簽: 添加標簽
沒有標簽, 成為第一個標記此記錄!

MARC

LEADER 00000cam a2200000 a 4500
001 UCC7716
003 CL-VaPUC
008 190505e20170000cl |||||||||||||||||spa|d
020 |a 9789561707443 
082 0 4 |a 793.31  |b LOY  |2 21 
100 |a Loyola Palacios, Margot  |e autora  |9 367508 
245 1 0 |a Bailes de tierra en Chile 
250 |a 1a. ed 
300 |a 251 p 
942 |c BK 
945 |d 20190505 21:05:00  |a dcastane 
260 |a Valparaíso  |b Ediciones Universitarias  |c 2017 
650 7 |a DANZA FOLKLORICA  |2 CL-VaPUC  |9 339082 
650 0 |a Música folklórica  |9 306412 
650 0 |a Música folklórica chilena   |9 326575 
650 7 |a CULTURAS POPULARES  |2 CL-VaPUC  |9 338177 
583 |a last modification  |c 20190505 21:05:00  |k Rodrigo Vera 
999 |c 374283  |d 374281